NTA UGC-NET/JRF: (Record no. 180402)

MARC details
000 -LEADER
fixed length control field 00712nam a22002057a 4500
005 - DATE AND TIME OF LATEST TRANSACTION
control field 20220124122542.0
010 ## - LCCN (DPL NO)
LC control number ENG-129688
020 ## - INTERNATIONAL STANDARD BOOK NUMBER
Terms of availability 160.00
International Standard Book Number 9789390744305
035 ## - SYSTEM CONTROL NUMBER
System control number EN-113220
037 ## - SOURCE OF ACQUISITION
Source of stock number/acquisition DBAD/PUB
082 ## - DEWEY DECIMAL CLASSIFICATION NUMBER
Classification number 000
100 ## - MAIN ENTRY--PERSONAL NAME
Personal name Gupta's, R
245 ## - TITLE STATEMENT
Title NTA UGC-NET/JRF:
Remainder of title Forensic Science Previous Year's Paper/
Statement of responsibility, etc R. Gupta's
250 ## - EDITION STATEMENT
Edition statement 2022
260 ## - PUBLICATION, DISTRIBUTION, ETC. (IMPRINT)
Place of publication, distribution, etc New Delhi
Name of publisher, distributor, etc Ramesh Publishing House
Date of publication, distribution, etc 2022
270 ## - ADDRESS
Address 12-H, New Daryaganj Road, Opp. Officer's Mess,
City New Delhi
Postal code 110002
Telephone number 011-23261567
Electronic mail address info@rameshpublishinghouse.com
300 ## - PHYSICAL DESCRIPTION
Extent 168 p.
Dimensions 24cm(hbk)
500 ## - GENERAL NOTE
General note Junior Research Fellowship & Assistant Professor Eligibility Exam
942 ## - ADDED ENTRY ELEMENTS (KOHA)
Source of classification or shelving scheme Dewey Decimal Classification
Item type English Books
Classification part 000
Call number prefix GUP
Holdings
Withdrawn status Lost status Not for loan Collection code Home library Current library Date acquired Source of acquisition Cost, normal purchase price Full call number Barcode Copy number Cost, replacement price Koha item type
      Non-fiction Patel Nagar Patel Nagar 09/08/2021 DBAD/PUB 160.00 000 GUP EN-113220 1 160.00 English Books

© Delhi Public Library
Hit Counter
free hit counter